El Militarismo presente en Centroamérica

Guardado en:
Bibliografiske detaljer
Format: Texto
Fag:
Tags: Tilføj Tag
Ingen Tags, Vær først til at tagge denne postø!

MARC

LEADER 00000 a a2200000 04500
001 6051
003
040
245 |a El Militarismo presente en Centroamérica  
650 |a MILITARISMO  
650 |a PAZ  
650 |a FUERZAS ARMADAS  
650 |a ORGANIZACIONES NO GUBERNAMENTALES  
650 |a SOCIEDAD CIVIL  
773 |g volumen 17, número 623; páginas 12-13  
999 |c 38207  |d 38207